[Event "GER-ch Seniors 65 31st"]
[Site "Radebeul"]
[Date "2019.05.03"]
[Round "8"]
[White "Kannenberg, Karl Heinz"]
[Black "Rotstein, Jefim"]
[Result "0-1"]
[WhiteElo "2169"]
[BlackElo "2326"]
[PlyCount "114"]
[EventDate "2019.04.26"]
[EventType "swiss"]
[EventRounds "9"]
[EventCountry "GER"]
[SourceTitle "CBM 190 Extra"]
[Source "ChessBase"]
[SourceDate "2019.07.15"]
[SourceVersion "1"]
[SourceVersionDate "2019.07.15"]
[SourceQuality "1"]

1. d4 Nf6 2. Nf3 e6 3. e3 c5 4. c3 b6 5. Bd3 Bb7 6. Nbd2 d5 7. 0-0 Nbd7 8. Qe2 Be7 9. e4 dxe4 10. Nxe4 Nxe4 11. Bxe4 Bxe4 12. Qxe4 0-0 13. Qe2 Qc7 14. dxc5 Nxc5 15. Be3 Bf6 16. Bg5 Bxg5 17. Nxg5 Rad8 18. Rfd1 h6 19. Nf3 a5 20. b3 Rxd1+ 21. Rxd1 Rd8 22. Rd4 Rxd4 23. Nxd4 Qf4 24. Qc2 e5 25. Ne2 Qg5 26. b4 Ne6 27. bxa5 bxa5 28. h3 Nc5 29. Ng3 g6 30. c4 h5 31. Qc3 a4 32. Qa3 e4 33. Nf1 Qe5 34. Qe3 f5 35. g3 Kg7 36. Kg2 Nd3 37. Qa7+ Kh6 38. Qa8 Qf6 39. Ne3 Ne1+ 40. Kh2 h4 41. Qb8 hxg3+ 42. Kxg3 Kh5 43. Qf4 Nd3 44. Nd5 Qd8 45. Qc7 Qh4+ 46. Kg2 Qxf2+ 47. Kh1 Qf1+ 48. Kh2 Qe2+ 49. Kg1 Qd1+ 50. Kh2 Qc2+ 51. Kg1 Qb1+ 52. Kh2 Qxa2+ 53. Kg1 Qb1+ 54. Kh2 Qc2+ 55. Kg1 Qd1+ 56. Kh2 Qe2+ 57. Kg1 Kh4 0-1

[Event "GER-chT Laender Seniors 65+"]
[Site "Templin"]
[Date "2018.09.16"]
[Round "7.5"]
[White "Frick, Christoph"]
[Black "Rotstein, Jefim"]
[Result "1/2-1/2"]
[WhiteElo "2210"]
[BlackElo "2315"]
[PlyCount "22"]
[EventDate "2018.09.10"]
[EventType "team-swiss"]
[EventRounds "7"]
[EventCountry "GER"]
[SourceTitle "EXT 2020"]
[Source "ChessBase"]
[SourceDate "2019.10.17"]
[SourceVersion "1"]
[SourceVersionDate "2019.10.17"]
[SourceQuality "1"]
[WhiteTeam "Wuerttemberg"]
[BlackTeam "Nordrhein Westfalen"]
[WhiteTeamCountry "GER"]
[BlackTeamCountry "GER"]

1. e4 c5 2. Nc3 e6 3. g3 Nc6 4. Bg2 g6 5. d3 Bg7 6. Nh3 Nge7 7. 0-0 0-0 8. Be3 d6 9. Qd2 Rb8 10. Bh6 Nd4 11. Bxg7 Kxg7 1/2-1/2

[Event "GER-chT Laender Seniors 65+"]
[Site "Templin"]
[Date "2018.09.13"]
[Round "4.1"]
[White "Witte, Manfred"]
[Black "Rotstein, Jefim"]
[Result "0-1"]
[WhiteElo "2127"]
[BlackElo "2315"]
[PlyCount "52"]
[EventDate "2018.09.10"]
[EventType "team-swiss"]
[EventRounds "7"]
[EventCountry "GER"]
[SourceTitle "EXT 2020"]
[Source "ChessBase"]
[SourceDate "2019.10.17"]
[SourceVersion "1"]
[SourceVersionDate "2019.10.17"]
[SourceQuality "1"]
[WhiteTeam "Berlin"]
[BlackTeam "Nordrhein Westfalen"]
[WhiteTeamCountry "GER"]
[BlackTeamCountry "GER"]

1. c4 e5 2. g3 c5 3. Bg2 Nc6 4. Nc3 f5 5. d3 Nf6 6. e4 d6 7. Nge2 Be7 8. 0-0 0-0 9. Nd5 Nxd5 10. cxd5 Nd4 11. Nxd4 cxd4 12. f4 fxe4 13. dxe4 Qb6 14. fxe5 dxe5 15. Rxf8+ Bxf8 16. Bf1 Bd7 17. Bd3 Rc8 18. Qb3 Qxb3 19. axb3 Bb4 20. Kg2 a5 21. h3 h6 22. g4 Rf8 23. Be2 Kh7 24. h4 b6 25. Bf3 Bb5 26. g5 Bd3 0-1

[Event "WchT Seniors 65"]
[Site "Dresden"]
[Date "2018.07.14"]
[Round "8.2"]
[White "Rotstein, Jefim"]
[Black "Faibisovich, Vadim Z"]
[Result "1/2-1/2"]
[WhiteElo "2318"]
[BlackElo "2312"]
[PlyCount "65"]
[EventDate "2018.07.07"]
[EventType "team-swiss"]
[EventRounds "9"]
[EventCountry "GER"]
[SourceTitle "CBM 185 Extra"]
[Source "ChessBase"]
[SourceDate "2018.07.29"]
[SourceVersion "1"]
[SourceVersionDate "2018.07.29"]
[SourceQuality "1"]
[WhiteTeam "Germany II"]
[BlackTeam "St Petersburg"]
[WhiteTeamCountry "GER"]
[BlackTeamCountry "RUS"]

1. e4 e5 2. Nf3 Nc6 3. Nc3 Nf6 4. d4 exd4 5. Nxd4 Bb4 6. Nxc6 bxc6 7. Bd3 d5 8. exd5 cxd5 9. 0-0 0-0 10. Bg5 c6 11. Qf3 h6 12. Bxf6 Qxf6 13. Qxf6 gxf6 14. Ne2 Bd6 15. Rad1 Be5 16. b3 a5 17. f4 Bc7 18. Ng3 Bg4 19. Rde1 Rfe8 20. Rxe8+ Rxe8 21. h3 Bc8 22. Nh5 Bb6+ 23. Kh2 Bd4 24. c3 Bxc3 25. Rc1 Bd4 26. Rxc6 Bb7 27. Nxf6+ Kf8 28. Rc7 Bxf6 29. Rxb7 Re3 30. Bf5 Bh4 31. g4 Re2+ 32. Kh1 Rxa2 33. Rd7 1/2-1/2

[Event "WchT Seniors 65"]
[Site "Dresden"]
[Date "2018.07.11"]
[Round "5.2"]
[White "Rotstein, Jefim"]
[Black "Hort, Vlastimil"]
[Result "0-1"]
[WhiteElo "2318"]
[BlackElo "2421"]
[PlyCount "104"]
[EventDate "2018.07.07"]
[EventType "team-swiss"]
[EventRounds "9"]
[EventCountry "GER"]
[SourceTitle "CBM 185 Extra"]
[Source "ChessBase"]
[SourceDate "2018.07.29"]
[SourceVersion "1"]
[SourceVersionDate "2018.07.29"]
[SourceQuality "1"]
[WhiteTeam "Germany II"]
[BlackTeam "Germany"]
[WhiteTeamCountry "GER"]
[BlackTeamCountry "GER"]

1. d4 d5 2. Nf3 Nf6 3. e3 c6 4. c4 g6 5. Nc3 Bg7 6. cxd5 cxd5 7. Bd3 0-0 8. 0-0 Nc6 9. Bd2 b6 10. Rc1 Bb7 11. a3 e6 12. b4 Qe7 13. b5 Na5 14. Na4 Rfc8 15. Bxa5 bxa5 16. Nc5 Ne4 17. Nxb7 Rxc1 18. Qxc1 Qxb7 19. Qc6 Rb8 20. Rc1 Bf8 21. a4 Nd6 22. Qxb7 Nxb7 23. Ne5 Bd6 24. Rc6 Rd8 25. f4 f6 26. Nf3 Rd7 27. Ra6 Nd8 28. Rxa5 Kf7 29. Ra6 Ke7 30. a5 Bb8 31. b6 Rb7 32. Bb5 axb6 33. axb6 Bd6 34. Nd2 e5 35. fxe5 fxe5 36. Nb3 exd4 37. exd4 Rb8 38. Nc5 Rc8 39. Ra7+ Kf6 40. b7 Rxc5 41. Ra6 Rxb5 42. Rxd6+ Ke7 43. Rxd5 Rxb7 44. Kf2 Rb2+ 45. Kg3 Rd2 46. h4 Ne6 47. h5 Rxg2+ 48. Kf3 Rg5 49. Rxg5 Nxg5+ 50. Kg4 Nf7 51. hxg6 hxg6 52. Kf4 Kf6 0-1

[Event "WchT Seniors 65"]
[Site "Dresden"]
[Date "2018.07.09"]
[Round "3.4"]
[White "Rotstein, Jefim"]
[Black "Klundt, Klaus"]
[Result "1/2-1/2"]
[WhiteElo "2318"]
[BlackElo "2318"]
[PlyCount "68"]
[EventDate "2018.07.07"]
[EventType "team-swiss"]
[EventRounds "9"]
[EventCountry "GER"]
[SourceTitle "CBM 185 Extra"]
[Source "ChessBase"]
[SourceDate "2018.07.29"]
[SourceVersion "1"]
[SourceVersionDate "2018.07.29"]
[SourceQuality "1"]
[WhiteTeam "Germany II"]
[BlackTeam "Schwaebische Franken"]
[WhiteTeamCountry "GER"]
[BlackTeamCountry "GER"]

1. e4 c5 2. Nf3 e6 3. d4 cxd4 4. Nxd4 Nc6 5. Nc3 Qc7 6. g3 a6 7. Bg2 d6 8. 0-0 Bd7 9. a4 Nf6 10. h3 Be7 11. Nde2 0-0 12. g4 Rac8 13. Be3 Nb4 14. g5 Ne8 15. f4 g6 16. Ng3 Ng7 17. Rf2 f6 18. h4 fxg5 19. hxg5 e5 20. f5 gxf5 21. exf5 Nxf5 22. Nxf5 Bxf5 23. Nd5 Nxd5 24. Qxd5+ Kg7 25. Qxb7 Qxb7 26. Bxb7 Rxc2 27. Rxc2 Bxc2 28. Bxa6 d5 29. a5 d4 30. Bf2 Bc5 31. b4 Bxb4 32. Bb7 Bc3 33. Ra3 Bb4 34. Ra1 Bc3 1/2-1/2

[Event "Magdeburg Roechling Jubilee 2nd"]
[Site "Magdeburg"]
[Date "2018.03.04"]
[Round "9"]
[White "Khanukov, Boris"]
[Black "Rotstein, Jefim"]
[Result "1/2-1/2"]
[WhiteElo "2273"]
[BlackElo "2325"]
[PlyCount "27"]
[EventDate "2018.02.24"]
[EventType "swiss"]
[EventRounds "9"]
[EventCountry "GER"]
[SourceTitle "EXT 2019"]
[Source "ChessBase"]
[SourceDate "2018.10.10"]
[SourceVersion "1"]
[SourceVersionDate "2018.10.10"]
[SourceQuality "1"]

1. Nf3 Nf6 2. c4 c6 3. Nc3 d5 4. d4 e6 5. cxd5 exd5 6. Bg5 Be7 7. e3 Bf5 8. Bd3 Bxd3 9. Qxd3 Nbd7 10. 0-0 0-0 11. Rae1 Ne4 12. Bxe7 Qxe7 13. Nd2 Nxd2 14. Qxd2 1/2-1/2

[Event "Magdeburg Roechling Jubilee 2nd"]
[Site "Magdeburg"]
[Date "2018.03.02"]
[Round "7"]
[White "Bogorad, Michail"]
[Black "Rotstein, Jefim"]
[Result "0-1"]
[WhiteElo "2074"]
[BlackElo "2325"]
[PlyCount "70"]
[EventDate "2018.02.24"]
[EventType "swiss"]
[EventRounds "9"]
[EventCountry "GER"]
[SourceTitle "EXT 2019"]
[Source "ChessBase"]
[SourceDate "2018.10.10"]
[SourceVersion "1"]
[SourceVersionDate "2018.10.10"]
[SourceQuality "1"]

1. e4 e6 2. Qe2 c5 3. g3 Nf6 4. Bg2 d5 5. exd5 Nxd5 6. Nc3 Be7 7. Nf3 Nc6 8. 0-0 0-0 9. a3 b6 10. h4 Bb7 11. Ne4 Qd7 12. d3 Rfe8 13. Bh3 Bf8 14. Rb1 f5 15. Nc3 e5 16. Kh2 Nd4 17. Nxd4 exd4 18. Ne4 Qf7 19. f3 fxe4 20. fxe4 Nf6 21. Bf4 Bc8 22. Bg2 Bg4 23. Qd2 Qe6 24. Rbe1 Nh5 25. e5 Rad8 26. Be4 Be7 27. Qg2 Rf8 28. Bd2 Rxf1 29. Qxf1 Rf8 30. Qg2 Qf7 31. Bd5 Be6 32. Bxe6 Qxe6 33. Qe2 Qf7 34. Kg2 Qg6 35. g4 Bxh4 0-1

[Event "Magdeburg Roechling Jubilee 2nd"]
[Site "Magdeburg"]
[Date "2018.02.25"]
[Round "2"]
[White "Rotstein, Jefim"]
[Black "Seils, Ralf"]
[Result "1-0"]
[WhiteElo "2325"]
[BlackElo "2021"]
[PlyCount "81"]
[EventDate "2018.02.24"]
[EventType "swiss"]
[EventRounds "9"]
[EventCountry "GER"]
[SourceTitle "EXT 2019"]
[Source "ChessBase"]
[SourceDate "2018.10.10"]
[SourceVersion "1"]
[SourceVersionDate "2018.10.10"]
[SourceQuality "1"]

1. d4 Nf6 2. Nf3 g6 3. g3 Bg7 4. Bg2 0-0 5. 0-0 d5 6. c4 c5 7. dxc5 dxc4 8. Qa4 Nc6 9. Nc3 Qa5 10. Qxc4 Be6 11. Qb5 Qxb5 12. Nxb5 Rac8 13. Nbd4 Nxd4 14. Nxd4 Bd5 15. Be3 Bxg2 16. Kxg2 Ne4 17. Rac1 Nxc5 18. Nb5 b6 19. Nxa7 Ra8 20. Nc6 Rxa2 21. b4 Na4 22. Nxe7+ Kh8 23. Kf3 Nc3 24. Bxb6 Re8 25. Bc5 Bf6 26. e3 Rb2 27. Nc6 Ne4 28. Rcd1 Nd2+ 29. Rxd2 Rxd2 30. Bd4 Re6 31. b5 Bxd4 32. Nxd4 Rf6+ 33. Ke4 Rb2 34. Kd5 Rb6 35. Kc5 Rb8 36. Kc6 Kg7 37. h4 Kf6 38. Ra1 Rb4 39. Ra6 Ke7 40. Kc5 Rb1 41. Nc6+ 1-0

[Event "GER-chT Seniors 26th"]
[Site "Templin"]
[Date "2017.09.30"]
[Round "6.1"]
[White "Kalinitschew, Sergey"]
[Black "Rotstein, Jefim"]
[Result "0-1"]
[WhiteElo "2423"]
[BlackElo "2322"]
[PlyCount "80"]
[EventDate "2017.09.25"]
[EventType "team-swiss"]
[EventRounds "7"]
[EventCountry "GER"]
[SourceTitle "EXT 2019"]
[Source "ChessBase"]
[SourceDate "2018.10.10"]
[SourceVersion "1"]
[SourceVersionDate "2018.10.10"]
[SourceQuality "1"]
[WhiteTeam "Berlin"]
[BlackTeam "Nordrhein Westfalen"]
[WhiteTeamCountry "GER"]
[BlackTeamCountry "GER"]

1. d4 g6 2. e4 Bg7 3. Nf3 d6 4. Bc4 c6 5. Bb3 Nf6 6. Nbd2 0-0 7. 0-0 a5 8. a4 Qc7 9. Re1 e5 10. c3 Nbd7 11. Nf1 b6 12. Ng3 Bb7 13. h3 c5 14. dxe5 dxe5 15. Bc4 Ne8 16. Bg5 Ndf6 17. Ba2 h6 18. Bxf6 Nxf6 19. Nd2 Rad8 20. Qe2 Rd7 21. Nc4 Rfd8 22. f3 h5 23. h4 Ne8 24. Nf1 Nd6 25. Nce3 Bc6 26. Bd5 c4 27. Bxc4 Nxc4 28. Qxc4 Bf6 29. g3 Be7 30. Kg2 Qb7 31. Kh2 b5 32. axb5 Bxb5 33. Qa2 Bxf1 34. Nxf1 Rd2+ 35. Kh3 Qc8+ 36. g4 hxg4+ 37. fxg4 R8d3+ 38. Ng3 Bxh4 39. Rg1 Kg7 40. Raf1 Bf6 0-1

[Event "GER-chT Seniors 26th"]
[Site "Templin"]
[Date "2017.09.25"]
[Round "1.1"]
[White "Waschk, Armin"]
[Black "Rotstein, Jefim"]
[Result "0-1"]
[WhiteElo "2184"]
[BlackElo "2322"]
[PlyCount "130"]
[EventDate "2017.09.25"]
[EventType "team-swiss"]
[EventRounds "7"]
[EventCountry "GER"]
[SourceTitle "EXT 2019"]
[Source "ChessBase"]
[SourceDate "2018.10.10"]
[SourceVersion "1"]
[SourceVersionDate "2018.10.10"]
[SourceQuality "1"]
[WhiteTeam "Mecklenburg Vorpommern"]
[BlackTeam "Nordrhein Westfalen"]
[WhiteTeamCountry "GER"]
[BlackTeamCountry "GER"]

1. e4 c5 2. Nf3 e6 3. d4 cxd4 4. Nxd4 Nf6 5. Nc3 d6 6. Be3 a6 7. Be2 Be7 8. Qd2 b5 9. a3 Bb7 10. f3 Nc6 11. g4 Rc8 12. g5 Nd7 13. h4 0-0 14. f4 Nxd4 15. Bxd4 e5 16. Be3 exf4 17. Bxf4 Nc5 18. Qe3 f5 19. gxf6 Bxf6 20. Bg5 Qe8 21. Bxf6 Rxf6 22. 0-0-0 Nxe4 23. Nd5 Bxd5 24. Rxd5 Nf2 25. Qxe8+ Rxe8 26. Bh5 g6 27. Rg1 Nh3 28. Rg3 Nf4 29. Rdg5 Re1+ 30. Kd2 Rh1 31. Bd1 Rxh4 32. Rc3 Rh2+ 33. Kc1 Ne2+ 34. Bxe2 Rxe2 35. b4 h5 36. a4 bxa4 37. Ra5 d5 38. Rxd5 Kg7 39. Kb2 Re4 40. Ka3 Rb6 41. Rc7+ Kh6 42. c4 Re1 43. Ra5 Rf6 44. b5 axb5 45. cxb5 Re3+ 46. Kb4 Re4+ 47. Kc5 h4 48. Rc6 Rf5+ 49. Kd6 h3 50. Ra8 Kg5 51. b6 Rf6+ 52. Kd7 Rd4+ 53. Kc7 Rf7+ 54. Kc8 h2 55. Ra5+ Kh6 56. Rc1 Rc4+ 57. Rxc4 h1Q 58. Rc7 Rf8+ 59. Kd7 Qd1+ 60. Kc6 Qf3+ 61. Kd7 Qd3+ 62. Kc6 Qc3+ 63. Rc5 Qf3+ 64. Kb5 a3 65. Rc3 Qf1+ 0-1

[Event "GER-chT Seniors 25th"]
[Site "Magdeburg"]
[Date "2016.10.13"]
[Round "5.7"]
[White "Rotstein, Jefim"]
[Black "Haubt, Georg"]
[Result "1/2-1/2"]
[WhiteElo "2316"]
[BlackElo "2196"]
[PlyCount "73"]
[EventDate "2016.10.09"]
[EventType "team-swiss"]
[EventRounds "7"]
[EventCountry "GER"]
[SourceTitle "EXT 2019"]
[Source "ChessBase"]
[SourceDate "2018.10.10"]
[SourceVersion "1"]
[SourceVersionDate "2018.10.10"]
[SourceQuality "1"]
[WhiteTeam "Nordrhein Westfalen"]
[BlackTeam "Hessen"]
[WhiteTeamCountry "GER"]
[BlackTeamCountry "GER"]

1. Nf3 Nc6 2. e4 e5 3. Nc3 d6 4. d4 exd4 5. Nxd4 g6 6. Be2 Bg7 7. Be3 Nge7 8. Qd2 0-0 9. h4 Ne5 10. h5 Ng4 11. Bxg4 Bxg4 12. f3 Bd7 13. Bh6 Be5 14. Bxf8 Qxf8 15. 0-0-0 Nc6 16. Nde2 Bg7 17. Nd5 Qd8 18. g4 Ne5 19. hxg6 hxg6 20. Qf4 c6 21. Ndc3 Be6 22. Nd4 Qb6 23. Nb3 Nc4 24. Rd3 a5 25. a4 Qb4 26. Rhd1 b5 27. Rxd6 Be5 28. Rd8+ Rxd8 29. Rxd8+ Kg7 30. Qg5 Bf6 31. Rg8+ Kxg8 32. Qxf6 bxa4 33. Nd2 Qxb2+ 34. Kd1 Ne3+ 35. Ke2 Nxc2 36. Qd8+ Kh7 37. e5 1/2-1/2

[Event "GER-chT Seniors 25th"]
[Site "Magdeburg"]
[Date "2016.10.12"]
[Round "4.3"]
[White "Frick, Christoph"]
[Black "Rotstein, Jefim"]
[Result "1-0"]
[WhiteElo "2238"]
[BlackElo "2316"]
[PlyCount "93"]
[EventDate "2016.10.09"]
[EventType "team-swiss"]
[EventRounds "7"]
[EventCountry "GER"]
[SourceTitle "EXT 2019"]
[Source "ChessBase"]
[SourceDate "2018.10.10"]
[SourceVersion "1"]
[SourceVersionDate "2018.10.10"]
[SourceQuality "1"]
[WhiteTeam "Wuerttemberg"]
[BlackTeam "Nordrhein Westfalen"]
[WhiteTeamCountry "GER"]
[BlackTeamCountry "GER"]

1. e4 c5 2. Nc3 e6 3. g3 Nc6 4. Bg2 g6 5. d3 Bg7 6. Nh3 Nge7 7. 0-0 0-0 8. Be3 Nd4 9. Qd2 Rb8 10. Nd1 e5 11. c3 Ne6 12. f4 exf4 13. Nxf4 d6 14. Nd5 Nxd5 15. exd5 Nc7 16. Bh6 Ne8 17. Nf2 b5 18. Rae1 b4 19. c4 Rb7 20. Re2 Bxh6 21. Qxh6 Ng7 22. Ne4 Nf5 23. Qf4 f6 24. Ref2 Rbf7 25. h4 h6 26. Qd2 Kg7 27. Kh2 Nd4 28. Qf4 Nf5 29. Bh3 g5 30. Qd2 Ne7 31. Be6 f5 32. Bxf7 Rxf7 33. hxg5 h5 34. Qf4 Ng6 35. Qxd6 Rf8 36. Qxd8 Rxd8 37. Nxc5 Ne5 38. Re2 Ng4+ 39. Kg2 Kg6 40. Ne6 Bxe6 41. dxe6 Kxg5 42. e7 Re8 43. d4 Nf6 44. d5 Nd7 45. d6 Kf6 46. Kf3 Nc5 47. Rfe1 1-0

[Event "Schwert von Luelsdorf op 27th"]
[Site "Niederkassel"]
[Date "2016.09.04"]
[Round "3"]
[White "Baltic, Fatih"]
[Black "Rotstein, Jefim"]
[Result "1/2-1/2"]
[WhiteElo "2190"]
[BlackElo "2316"]
[PlyCount "84"]
[EventDate "2016.09.04"]
[EventType "swiss (rapid)"]
[EventRounds "9"]
[EventCountry "GER"]
[SourceTitle "CBM 174 Extra"]
[Source "ChessBase"]
[SourceDate "2016.10.10"]
[SourceVersion "1"]
[SourceVersionDate "2016.10.10"]
[SourceQuality "1"]

1. e4 c5 2. Nf3 Nc6 3. Bb5 e5 4. 0-0 Bd6 5. c3 a6 6. Bd3 Nf6 7. Bc2 0-0 8. h3 Bc7 9. d4 d6 10. dxc5 dxc5 11. Be3 b6 12. Nbd2 Ne7 13. Nc4 Ng6 14. Bg5 Bb7 15. Qxd8 Raxd8 16. Bxf6 gxf6 17. g3 f5 18. Ng5 f4 19. Rad1 b5 20. Nd2 fxg3 21. fxg3 c4 22. Rf6 Rd6 23. Rxd6 Bxd6 24. Kg2 Rd8 25. Nf1 Be7 26. Rxd8+ Bxd8 27. Nf3 Bb6 28. N1d2 f6 29. Kf1 Nf8 30. Ke2 Kf7 31. Nh4 Bc8 32. Nf5 Bxf5 33. exf5 Nd7 34. Ne4 Ke7 35. Kf3 Nc5 36. Nxc5 Bxc5 37. Be4 Kd6 38. g4 a5 39. Bb7 b4 40. Ba6 Kd5 41. Bb7+ Kd6 42. Ba6 Kd5 1/2-1/2

[Event "Schwert von Luelsdorf op 27th"]
[Site "Niederkassel"]
[Date "2016.09.04"]
[Round "9"]
[White "Kloss, Henning"]
[Black "Rotstein, Jefim"]
[Result "1-0"]
[WhiteElo "2153"]
[BlackElo "2316"]
[PlyCount "83"]
[EventDate "2016.09.04"]
[EventType "swiss (rapid)"]
[EventRounds "9"]
[EventCountry "GER"]
[SourceTitle "CBM 174 Extra"]
[Source "ChessBase"]
[SourceDate "2016.10.10"]
[SourceVersion "1"]
[SourceVersionDate "2016.10.10"]
[SourceQuality "1"]

1. d4 Nf6 2. c4 e6 3. g3 c5 4. Nf3 cxd4 5. Nxd4 Nc6 6. Bg2 Bc5 7. Nb3 Bb4+ 8. Bd2 Be7 9. Nc3 0-0 10. 0-0 d6 11. Bf4 a6 12. Qd2 Ne5 13. Bxe5 dxe5 14. Qxd8 Rxd8 15. Rfd1 Rb8 16. Rxd8+ Bxd8 17. Rd1 Be7 18. a3 g6 19. Na5 Kg7 20. b4 Ne8 21. c5 f5 22. Nc4 e4 23. Nb6 Nf6 24. f3 exf3 25. Bxf3 e5 26. Nxc8 Rxc8 27. Bxb7 Rc7 28. c6 e4 29. Nd5 Nxd5 30. Rxd5 Kf6 31. Ra5 g5 32. Rxa6 f4 33. Kg2 Ke5 34. b5 Bd6 35. b6 Rf7 36. Ra5+ Kd4 37. Rd5+ Ke3 38. Rxd6 Kxe2 39. Ba6+ Ke1 40. c7 f3+ 41. Kh3 Rf8 42. Rd8 1-0

[Event "GER-chA Seniors 28th"]
[Site "Niederhausen"]
[Date "2016.08.21"]
[Round "9"]
[White "Degenhardt, Horst"]
[Black "Rotstein, Jefim"]
[Result "1/2-1/2"]
[WhiteElo "2257"]
[BlackElo "2315"]
[PlyCount "245"]
[EventDate "2016.08.13"]
[EventType "swiss"]
[EventRounds "9"]
[EventCountry "GER"]
[SourceTitle "EXT 2019"]
[Source "ChessBase"]
[SourceDate "2018.10.10"]
[SourceVersion "1"]
[SourceVersionDate "2018.10.10"]
[SourceQuality "1"]

1. e4 c5 2. Nc3 e6 3. Nf3 Nc6 4. Bb5 Nge7 5. 0-0 a6 6. Bxc6 Nxc6 7. d4 cxd4 8. Nxd4 Be7 9. Nxc6 dxc6 10. e5 Qxd1 11. Rxd1 f5 12. Na4 b5 13. Nb6 Rb8 14. Nxc8 Rxc8 15. Be3 Rd8 16. c4 Kf7 17. Bb6 Rxd1+ 18. Rxd1 Rb8 19. c5 Rb7 20. f3 h5 21. Kf2 g5 22. g4 hxg4 23. fxg4 Bf8 24. Kf3 Bg7 25. gxf5 exf5 26. h4 Bxe5 27. hxg5 Kg6 28. Re1 Bxb2 29. Kf4 Rf7 30. Re6+ Kg7 31. Rxc6 Bc1+ 32. Ke5 f4 33. Rf6 Bb2+ 34. Kxf4 Bxf6 35. gxf6+ Kxf6 36. c6 Ke6+ 37. Ke4 Rf1 38. a4 bxa4 39. Bc5 Ra1 40. Kd3 Rb1 41. c7 Kd7 42. Kc2 Rb5 43. Bd6 Rd5 44. Bf4 Rc5+ 45. Kb2 Rc4 46. Bh2 Kc8 47. Ka3 Kb7 48. Bd6 Re4 49. Bh2 Kc8 50. Bd6 Kd7 51. Bh2 Rc4 52. Be5 Ke6 53. Bh2 Kd5 54. Bf4 a5 55. Bh2 Ke6 56. Bg3 Kd7 57. Bh2 Re4 58. Bd6 Re8 59. Bh2 Rh8 60. Be5 Rh4 61. Bd6 Kc8 62. Be5 Kb7 63. Bd6 Re4 64. Bh2 Re2 65. Bd6 Rd2 66. Be5 Rd5 67. Bh2 Rd4 68. Be5 Rc4 69. Bh2 Kb6 70. Be5 Kb5 71. Bd6 Rc6 72. Be5 Rc1 73. Bd6 Rc2 74. Be5 Rc4 75. Bd6 Kb6 76. Be5 Kb7 77. Bd6 Kc8 78. Bh2 Kd7 79. Be5 Ke7 80. Bh2 Ke6 81. Bg3 Kd7 82. Be5 Rg4 83. Bh2 Kc8 84. Bd6 Kb7 85. Bh2 Rb4 86. Bd6 Rb6 87. Bh2 Rb1 88. Be5 Re1 89. Bd6 Ra1+ 90. Kb2 Rd1 91. Bf4 Rd3 92. Be5 a3+ 93. Ka2 Kc8 94. Bf4 Kd7 95. Be5 Rf3 96. Bd6 Rd3 97. Be5 Re3 98. Bf4 Rc3 99. Be5 Rc5 100. Bf4 Rc4 101. Be5 Ke6 102. Bg3 Rc3 103. Bf4 Kd7 104. Be5 Rd3 105. Bf4 Kc8 106. Be5 Kb7 107. Bf4 Rc3 108. Be5 Rc5 109. Bf4 Rc4 110. Be5 Re4 111. Bd6 Re3 112. Bf4 Rc3 113. Be5 Rc5 114. Bf4 Ka6 115. Kxa3 Kb5 116. Bg3 Rc3+ 117. Kb2 Rc6 118. Ka3 Kb6 119. Ka4 Rc1 120. Be5 Kb7 121. Kb3 Rc5 122. Bf4 Ka6 123. Bd6 1/2-1/2

[Event "GER-chA Seniors 28th"]
[Site "Niederhausen"]
[Date "2016.08.20"]
[Round "8"]
[White "Rotstein, Jefim"]
[Black "Koehler, Gerhard"]
[Result "1-0"]
[WhiteElo "2315"]
[BlackElo "2219"]
[PlyCount "93"]
[EventDate "2016.08.13"]
[EventType "swiss"]
[EventRounds "9"]
[EventCountry "GER"]
[SourceTitle "EXT 2019"]
[Source "ChessBase"]
[SourceDate "2018.10.10"]
[SourceVersion "1"]
[SourceVersionDate "2018.10.10"]
[SourceQuality "1"]

1. e4 e6 2. d3 c5 3. f4 Nc6 4. Nf3 d5 5. Be2 Nf6 6. e5 Nd7 7. c4 Nb6 8. 0-0 Be7 9. Nc3 0-0 10. b3 f5 11. Bb2 d4 12. Nb1 h6 13. Qe1 Bd7 14. a3 a5 15. Nbd2 a4 16. b4 cxb4 17. axb4 Bxb4 18. Ba3 Bxa3 19. Rxa3 Qe7 20. Qa1 Qc5 21. Rb1 Ra5 22. Ne1 g5 23. Bf3 Rfa8 24. g3 Kh8 25. Nc2 gxf4 26. gxf4 Rg8+ 27. Kh1 Ra6 28. Rb5 Qe7 29. c5 Nc8 30. Rxb7 Qxc5 31. Nc4 Be8 32. Rc7 Ra7 33. Rxc8 Rag7 34. Rxa4 Qb5 35. Rxe8 Rxe8 36. Nd6 Qxd3 37. Ra3 Qxc2 38. Nxe8 Rb7 39. Ra8 Rb1+ 40. Qxb1 Qxb1+ 41. Kg2 Nb8 42. Ra7 Kg8 43. Nf6+ Kf8 44. Rb7 Qc2+ 45. Kg3 Nc6 46. Rc7 d3 47. Rc8+ 1-0

[Event "GER-chA Seniors 28th"]
[Site "Niederhausen"]
[Date "2016.08.17"]
[Round "5"]
[White "Daeubler, Heinrich"]
[Black "Rotstein, Jefim"]
[Result "0-1"]
[WhiteElo "2158"]
[BlackElo "2315"]
[PlyCount "54"]
[EventDate "2016.08.13"]
[EventType "swiss"]
[EventRounds "9"]
[EventCountry "GER"]
[SourceTitle "EXT 2019"]
[Source "ChessBase"]
[SourceDate "2018.10.10"]
[SourceVersion "1"]
[SourceVersionDate "2018.10.10"]
[SourceQuality "1"]

1. d4 Nf6 2. c4 c5 3. d5 e6 4. Nc3 exd5 5. cxd5 d6 6. Nf3 Be7 7. e4 0-0 8. h3 Nbd7 9. Bd3 Ne8 10. 0-0 Bf6 11. Bf4 Qe7 12. Re1 Ne5 13. Nxe5 dxe5 14. Be3 Bg5 15. Qd2 Bxe3 16. Qxe3 b6 17. f4 Nd6 18. Qg3 f6 19. Nb5 c4 20. Nxd6 Qxd6 21. fxe5 Qc5+ 22. Kh2 cxd3 23. exf6 Rxf6 24. Rac1 Qd4 25. e5 Rg6 26. Qf3 d2 27. Rc7 Rxg2+ 0-1

[Event "GER-chA Seniors 28th"]
[Site "Niederhausen"]
[Date "2016.08.14"]
[Round "2"]
[White "Rotstein, Jefim"]
[Black "Selig, Rainer"]
[Result "1/2-1/2"]
[WhiteElo "2315"]
[BlackElo "2105"]
[PlyCount "126"]
[EventDate "2016.08.13"]
[EventType "swiss"]
[EventRounds "9"]
[EventCountry "GER"]
[SourceTitle "EXT 2019"]
[Source "ChessBase"]
[SourceDate "2018.10.10"]
[SourceVersion "1"]
[SourceVersionDate "2018.10.10"]
[SourceQuality "1"]

1. Nf3 Nf6 2. c4 c6 3. Nc3 d5 4. e3 Bg4 5. Qb3 Qb6 6. Qxb6 axb6 7. cxd5 Nxd5 8. Nxd5 cxd5 9. Ne5 Bd7 10. Nxd7 Kxd7 11. b3 e5 12. Bb2 Bd6 13. g3 Ke6 14. f4 Nc6 15. Bh3+ Ke7 16. Ke2 f6 17. fxe5 Bxe5 18. Bxe5 fxe5 19. a4 Rhf8 20. Rac1 Kd6 21. Rhf1 g6 22. d3 Rad8 23. Bg2 Nb4 24. h4 Na2 25. Ra1 Nb4 26. Bh3 Ke7 27. Rac1 Rxf1 28. Rxf1 Ra8 29. Kd2 Nc6 30. Bg2 Rd8 31. g4 Rd6 32. g5 Nd8 33. b4 Ne6 34. Rc1 Rd7 35. Rc8 d4 36. Bh3 dxe3+ 37. Kxe3 Rd4 38. Bxe6 Kxe6 39. Rc4 Rd7 40. Kd2 Rf7 41. a5 bxa5 42. bxa5 Kd6 43. Rb4 Rc7 44. Ke3 Rf7 45. Rb5 Ke6 46. d4 exd4+ 47. Kxd4 Kd6 48. Rb6+ Kc7 49. Rf6 Re7 50. Kd5 Kd7 51. Rf4 Kc7 52. Rc4+ Kd7 53. Kc5 Kc7 54. Kd5+ Kd7 55. Rf4 Kc7 56. Rf6 Kd7 57. Rd6+ Kc7 58. Re6 Rf7 59. Re5 Kd7 60. Kc5 Kc7 61. Kb5 Rd7 62. Rc5+ Kb8 63. Rc4 Re7 1/2-1/2